History Quiz

Random History or Decade Quiz

2000s Timeline Picture Click Quiz Stats

Quiz Updated Jun 19, 2016

Challenge
Share
Tweet
Score 0/10 Timer 03:00
34 Plays Today
% Correct
2009 - Barack Obama inaugurated as the 44th President of the US
93.7%
2001 - September 11th attacks on the World Trade Center
90.9%
2007 - Benazir Bhutto assassinated in Pakistan
69.1%
2008 - Michael Phelps wins record 8 gold medals at Olympic Games
63.1%
2003 - Saddam Hussein statue pulled down in Bagdhad
62.6%
2000 - Manual vote recount in Florida for the US Presidential election
59.2%
2002 - Brazil wins the FIFA World Cup in Japan|South Korea
52.9%
2005 - Benedict XVI elected Pope after 2 day Papal conclave
48.1%
2004 - Indian Ocean earthquake and tsunami
45.5%
2006 - Pluto is declared a dwarf planet
36%

You're not logged in!

Compare scores with friends on all Sporcle quizzes.
Join for Free
OR
Log In

You Might Also Like...

Show Comments

Extras

Top Quizzes Today


Score Distribution

Your Account Isn't Verified!

In order to create a playlist on Sporcle, you need to verify the email address you used during registration. Go to your Sporcle Settings to finish the process.

Report this User

Report this user for behavior that violates our Community Guidelines.

Details: